| Home > Outreach > Radio & TV Programs > De vuurbol van 8 maart 2026 over België (ochtendjournaal) > MARC |
000008117 001__ 8117 000008117 005__ 20260413175123.0 000008117 037__ $$aRADIOTV-2026-0013 000008117 100__ $$aVerbeeck, C. 000008117 245__ $$aDe vuurbol van 8 maart 2026 over België (ochtendjournaal) 000008117 260__ $$c2026 000008117 269__ $$c2026-03-09 000008117 594__ $$aSTCE 000008117 773__ $$tVRT radio 000008117 8560_ $$ffrancis.verbeeck@ksb-orb.be 000008117 980__ $$aRADIOTV